000 00318nam a22001457a 4500
008 210428b ||||| |||| 00| 0 eng d
020 _a3796605931
041 _aeng
080 _a82
082 _a82
100 _a21
101 _aGJL
245 _aFrauen Mystik im Mittelalter
_cDinzelbacher,P
942 _2udc
_cBK
999 _c56902
_d56902